Catalog

Record Details

Catalog Search



Western Union  Cover Image Book Book

Western Union / Zane Grey.

Record details

  • Physical Description: 297 pages
  • Publisher: New York : Grosset and Dunlap, 1939

Available copies

  • 1 of 1 copy available at scottsboropl.

Holds

  • 0 current holds with 1 total copy.
Show Only Available Copies
Location Call Number / Copy Notes Barcode Shelving Location Status Due Date
scottsboropl F Gre 32269000125065 Adult - Fiction Available -

LDR 00523cam a2200169 a 4500
001122671
003CONS
00520140703073300.0
008 s1939 nyu 000 0 eng
010 . ‡a 39025440
035 . ‡a(CPomAG)LMN478461
1001 . ‡aGrey, Zane, ‡d1872-1939.
24510. ‡aWestern Union / ‡cZane Grey.
260 . ‡aNew York : ‡bGrosset and Dunlap, ‡c1939
300 . ‡a297 pages
959 . ‡i32269000125065 ‡lF Gre ‡aAdult - Fiction ‡tFiction ‡g8.00
852 . ‡p32269000125065 ‡jF Gre ‡gAdult - Fiction ‡cFiction ‡y8.00 ‡bSBPL
901 . ‡a122671 ‡bUnknown ‡c122671 ‡tbiblio

Additional Resources